Anciennes régions de France - 2015 - Carte - Statistiques

Statistiques générales
  • Ce quiz a été pris 8 429 fois
  • Le résultat moyen est 22 sur 27
Réponses sur la Carte
Les réponses sont colorées sur une échelle allant du rouge au vert en fonction du pourcentage des utilisateurs qui les ont devinées à leur premier essai. Vous pouvez retrouver ces pourcentages ci-dessous.
 
Statistiques - réponses
Région % Correct
Bretagne
99%
Île-de-France
97%
Corse
94%
Provence-Alpes-Côte d'Azur
94%
Alsace
93%
Centre
90%
Guyane
89%
Aquitaine
88%
La Réunion
88%
Pays de la Loire
88%
Guadeloupe
87%
Martinique
87%
Nord-Pas-de-Calais
87%
Bourgogne
86%
Auvergne
85%
Lorraine
85%
Mayotte
83%
Rhône-Alpes
83%
Basse-Normandie
79%
Haute-Normandie
79%
Franche-Comté
76%
Champagne-Ardenne
74%
Picardie
74%
Languedoc-Roussillon
66%
Limousin
63%
Poitou-Charentes
60%
Midi-Pyrénées
56%
Aucun quiz correspondant
Distribution des résultats
% des personnes avec chaque résultat
Percentile par nombre de réponses
Votre historique - résultats
Vous n’avez pas pris ce quiz